01094nam a2200289 a 4500001000400000003001000004005001700014008004100031020001800072040002500090080002400115090003300139100002100172245012900193250003300322260004300355300002100398504003600419650002700455650006000482650002700542650004500569700002900614942001200643952013600655999001300791514BR-CuiBMT20231108163759.0230904s2011 mgb 001 0 por d a9788537510414 aBR-CuiBMTcBR-CuiBMT a35.086:343.3522007 a35.086:343.35bG216ic6. ed.1 aGarcia, Emerson 10aImprobidade administrativa /cEmerson Garcia e Rogério Pacheco Alves ; [prefaciado por José dos Santos Carvalho Filho].  a6. ed. rev., ampli. e atual. aRio de Janeiro :bLumen Juris, c2008. a1293 p. ;c24 cm aInclui bibliografia e índice. aDireito administrativo aCorrupção administrativaxDireito comparadozBrasil aLegislaçãozBrasil aCrime contra administração pública aAlves, Rogério Pacheco 2udccLV 00102udc4070aBIBTCEMTbBIBTCEMTd2013-04-02l0o35.086:343.35 G216i 6. ed.pBIBTCEMT23110277r2023-11-08tEx. 1w2023-11-08yLV c514d514